00394nam a22001337a 4500008004100000040005500041080001800096100001900114245004300133260004200176300001600218650001400234653001200248230322b |||||||| |||| 00| 0 eng d aNational Science LibrarycNational Science Library aD 681.324bN81 aKing, Robert  aMCSE exam notes: bExchange server 5.5 aNew Delhi: bBPB Publications, c1998 axxii, 343p. aComputer  aNetwork